000
002790000a22001330004500
003
MACL
040
_a
MACL
090
_c
37745
_d
37743
100
_a
Kern, O J
245
_a
Among Country Schools
260
_b
Ginn and Company
650
_a
Education
942
_c
BOOK
_k
379.173/KER
999
_c
37342
_d
37342